Sokol časopis zájmům tělocvičným věnovaný

Bibliographic Details
Previous Title:Sokolský cvičitel
Format: Serial
Language:Czech
PhysicalDescription:zv. 25 cm
Published: Praha Miroslav Tyrš 1871-
1884-1952 Praha Pražská tělocvičná jednota Sokol
1995- Praha Česká obec sokolská
ISSN:0489-6718
Subjects:

MARC

LEADER 00000cas a2200000 a 4500
001 vtls001337235
003 SK-MaSNL
005 20260228155639.0
008 180810c18719999xx mr 0 0 0cze c
022 |a 0489-6718 
035 |a SNK000290229 
040 |a SNK  |b slo  |c SNK  |e AACR2 
041 0 |a cze 
044 |a xr  |c CZ 
072 7 |a 796  |x Šport. Hry. Telesné cvičenia  |2 konspekt 
080 |a 796.034.2  |2 2011 
080 |a 379.82(051)  |2 2011 
080 |a 050  |2 2011 
210 0 |a Sokol  |b (Praha) 
222 0 |a Sokol  |b (Praha) 
245 0 0 |a Sokol  |b časopis zájmům tělocvičným věnovaný 
260 |a Praha  |b Miroslav Tyrš  |c 1871- 
260 2 |a 1884-1952  |a Praha  |b Pražská tělocvičná jednota Sokol 
260 2 |a 1995-  |a Praha  |b Česká obec sokolská 
300 |a zv.  |c 25 cm 
310 |a 1x mesačne 
321 |a 1x týždenne  |b 1871-1952 
362 0 |a Roč. 1 (1871)-roč. 6 (1876), roč. 7 (1881)-roč. 67 (1941), roč. 68 (1948)-roč. 72 (1952), roč. 1, č. 1 (1995)-  |z ISSN/2014 
500 |a Podnázov v r. 1956: ústřední list Tělovýchovné a sportovní organisace, vyznamenané Řádem republiky ; podnázvy v tiráži od r. 1995: časopis pro cvičitele, trenéry a vzdělavatele, časopis České obce sokolské ; podnázov od č. 1 (január 1998): sokolský věstník ; podnázov od r. 2001: časopis o sportu a tělovýchově ČOS ; podnázov od roč. 69 (1949): vědecký časopis pro tělesnou kulturu 
500 |a Rok 2014 označený ako ročník 71. V tiráži uvedené, že nadväzuje na časopis Sokol vydávaný v Prahe od r. 1871 a Sokolský věstník vydávaný od r. 1897 
550 |a Vydavateľ v roč. 69 (1949): Ministerstvo školství, věd a umění. - Vydav. od roč. 69, č. 3 (1949): Státní úřad pro tělesnou výchovu a sport 
650 0 7 |a telovýchova  |2 SNKPH  |9 1044 
650 0 7 |a sokolské hnutie  |2 SNKPH  |9 74233 
655 7 |a záujmové časopisy  |2 SNKPH  |9 70804 
780 0 0 |t Sokolský cvičitel 
910 |a snk 
958 |a ONDV 
999 |c 51  |d 51 
952 |0 0  |1 1  |4 0  |7 0  |8 3  |a SNK  |b SNK  |d 1998-07-14  |i snkK 2846/76  |l 0  |o snkČB 2446/21/1895  |p 17A0149399  |r 2005-01-02 00:00:00  |t č. 1-24  |w 2026-02-21  |y PREZ 
952 |0 0  |1 1  |4 0  |7 0  |8 3  |a SNK  |b SNK  |d 2006-06-23  |i snkČIK 329/59  |l 0  |o snkČB 2446/23/1897  |p 17A0515327  |r 2026-02-21 20:12:25  |w 2026-02-21  |y PREZ 
952 |0 0  |1 0  |4 0  |7 0  |8 3  |a SNK  |b SNK  |d 2006-06-23  |i snkČIK 330/59  |l 0  |o snkČB 2446/24/1898  |p 17A0515481  |r 2026-02-21 20:12:25  |w 2026-02-21  |y PREZ 
952 |0 0  |1 1  |4 0  |7 0  |8 3  |a SNK  |b SNK  |d 2006-06-23  |i snkČIK 172/58  |l 0  |o snkČB 2446/29/1903  |p 17A0515205  |r 2026-02-21 20:12:25  |w 2026-02-21  |y PREZ 
952 |0 0  |1 1  |4 0  |7 0  |8 5  |a SNK  |b SNK  |d 2006-06-23  |i snkF 1624/66  |l 0  |o snkČB 2446/30/1904  |p 17A0515206  |r 2026-02-21 20:12:25  |w 2026-02-21  |y PREZ